NFL Quarterbacks - Statistics

General Stats
  • This quiz has been taken 24 times
  • The average score is 26 of 32
Answer Stats
Hint Answer % Correct
Dallas Cowboys Dak Prescott
100%
Cincinnati Bengals Joe Burrow
100%
Kansas City Chiefs Patrick Mahomes
100%
Philadelphia Eagles Jalen Hurts
96%
Chicago Bears Justin Fields
96%
Los Angeles Chargers Justin Herbert
96%
Baltimore Ravens Lamar Jackson
96%
Los Angeles Rams Matthew Stafford
96%
New York Giants Daniel Jones
91%
Detroit Lions Jared Goff
91%
Buffalo Bills Josh Allen
91%
New England Patriots Mac Jones
91%
Denver Broncos Russell Wilson
91%
Jacksonville Jaguars Trevor Lawrence
91%
Miami Dolphins Tua Tagovailoa
91%
Tampa Bay Buccaneers Baker Mayfield
87%
San Francisco 49ers Brock Purdy
87%
Green Bay Packers Jordan Love
87%
Houston Texans CJ Stroud
83%
New Orleans Saints Derek Carr
83%
Cleveland Browns Deshaun Watson
83%
Minnesota Vikings Kirk Cousins
83%
Indianapolis Colts Anthony Richardson
78%
Seattle Seahawks Geno Smith
74%
Tennessee Titans Ryan Tannehill
74%
Atlanta Falcons Desmond Ridder
70%
Pittsburgh Steelers Kenny Pickett
70%
Carolina Panthers Bryce Young
65%
Las Vegas Raiders Jimmy Garoppolo
65%
Arizona Cardinals Joshua Dobbs
65%
Washington Commanders Sam Howell
65%
New York Jets Aaron Rogers
13%
No matching quizzes found
Score Distribution
Percent of People with Each Score
Percentile by Number Answered
Your Score History
You have not taken this quiz